| 000 | 01664nam a22004577a 4500 | ||
|---|---|---|---|
| 003 | CHAP | ||
| 005 | 20251208100832.0 | ||
| 008 | 971010s1981 r 00010 d | ||
| 010 | _a65450 | ||
| 011 | _a66422 | ||
| 035 | _a74533 | ||
| 040 | _cCHAP | ||
| 090 | _aTesis | ||
| 100 | 1 | 0 |
_aSerrano Pérez, Julio _9105238 |
| 245 | _aPrediseño de cámaras de atmósfera controlada para conservar productos hortofrutícolas | ||
| 260 |
_aChapingo, Méx. : _bEl autor, _c1981 |
||
| 300 | _a72 h. ilus., gráfs. | ||
| 500 | _ac.4 en bodega | ||
| 502 | _aTesis (Ing. Agr. Esp. en Industrias Agrícolas) -- UACH. Departamento de Industrias Agrícolas | ||
| 590 |
_aALEPH _b10 _c20130110 _lUCH01 _h1357 |
||
| 590 |
_aBATCH-UPD _b10 _c20130110 _lUCH01 _h0544 |
||
| 590 |
_aBATCH-UPD _b10 _c20130410 _lUCH01 _h0225 |
||
| 590 |
_aBATCH-UPD _b10 _c20130914 _lUCH01 _h0242 |
||
| 590 |
_aCONVERSION _b10 _c20130109 _lUCH01 _h1336 |
||
| 650 | 1 | 4 |
_aAlmacenamiento en atmósfera controlada. _94461 |
| 650 | 1 | 4 |
_aFrigoríficos. _943317 |
| 650 | 1 | 4 |
_aFruta _xAlmacenamiento. _943592 |
| 650 | 1 | 4 |
_aFruta _xConservación por frío. _943603 |
| 650 | 1 | 4 |
_aLegumbres _xAlmacenamiento. _965682 |
| 650 | 1 | 4 |
_aLegumbres _xConservación por frio. |
| 901 | _aBK | ||
| 942 | _cFOLL | ||
| 949 |
_bBC _cTES _d-137679 _eTS1 _i74533 _si |
||
| 949 |
_bBC _cTES _d-137680 _eTS2 _fc.2 _i74533 _si |
||
| 949 |
_bBC _cTES _d-137681 _eTS2 _fc.3 _h22007 _i74533 _si |
||
| 949 |
_bIA _cTES _d-66049 _eTS2 _fc.2 _i74533 _si |
||
| 949 |
_bIA _cTES _d-66050 _eTS2 _fc.3 _i74533 _si |
||
| 949 |
_bIA _cTES _d-66051 _eTS2 _fc.4 _i74533 _si |
||
| 949 |
_bIA _cTES _d-66052 _eTS2 _fc.5 _i74533 _si |
||
| 949 |
_bIA _cTES _d-7403 _eTS1 _i74533 _si |
||
| 999 |
_c65450 _d65450 |
||